Statystyki dla Kraje najbliższe Czarnogórze

Kliknij tutaj aby rozwiązać quiz!

Ogólne statystyki

  • Ten quiz został rozwiązany 388 razy
  • Średni wynik to 18 z 20

Statystyki odpowiedzi

kmkraj% Poprawnych
0Chorwacja
96%
0Serbia
96%
0Albania
95%
0Kosowo
94%
358Słowenia
94%
223Rumunia
93%
467Słowacja
93%
0Bośnia i
Hercegowina
92%
178Grecja
92%
631Polska
92%
585Czechy
91%
176Włochy
91%
247Węgry
90%
175Bułgaria
89%
416Austria
87%
88Macedonia
Północna
87%
507Turcja
83%
568Ukraina
81%
495San Marino
66%
497Watykan
66%

Rozkład punktacji

Percentyl według liczby udzielonych odpowiedzi

Procent ludzi z każdym wynikiem

Twoja historia wyników

Nie rozwiązałeś tego quizu